000 00251nam a2200097Ia 4500
001 780690
005 20250826170129.0
008 250824s9999 xx 000 0 und d
245 0 _aKURANI KERİM MEALİ
_cKOMİSYON
260 _bDİYANET İŞLERİ YAYINLARI
999 _c780690
_d780690